| 000 | 00570nam a22001937a 4500 | ||
|---|---|---|---|
| 003 | OSt | ||
| 005 | 20140310182917.0 | ||
| 008 | 130129t xxu||||| |||| 00| 0 eng d | ||
| 050 |
_aKF 5616.9 _b.F198 1998 |
||
| 082 |
_aFIL 346.59901 _bF21 1998 |
||
| 245 |
_aThe Family code of the Philippines : _b executive order No. 209 as amended by executive order No. 227 / |
||
| 260 |
_aManila : _bA.V.B. Printing Press, _c1988 |
||
| 300 |
_a163 p. _c22 cm |
||
| 521 | _acollege students | ||
| 526 | _c1210L-1700L | ||
| 541 | _j1 | ||
| 562 | _e1 | ||
| 942 |
_2lcc _cBK _kFIL |
||
| 999 |
_c17304 _d17304 |
||